[Event "NB II. Szechenyi csoport"]
[Site "Veszprem"]
[Date "2024.03.03"]
[Round "5.1"]
[White "Szelenyi, Norbert"]
[Black "Jonas, Zsolt"]
[Result "1/2-1/2"]
[WhiteElo "2249"]
[BlackElo "2041"]
[PlyCount "110"]
[EventDate "2023.10.08"]
[EventType "team-tourn"]
[EventRounds "9"]
[EventCountry "HUN"]
[Source "chess.hu"]
[WhiteTeam "Sentimento Ajka BSK "]
[BlackTeam "Ezust Huszar SE"]
[WhiteTeamCountry "HUN"]
[BlackTeamCountry "HUN"]

1. d4 Nf6 2. Nf3 d5 3. Bf4 e6 4. e3 Bd6 5. Nbd2 c5 6. dxc5 Bxf4 7. exf4 Qc7 8.
g3 Qxc5 9. Bd3 Nc6 10. c3 Bd7 11. O-O O-O 12. Nb3 Qb6 13. Qe2 Rac8 14. Rfe1 a5
15. Nbd4 Nxd4 16. Nxd4 Rfe8 17. Rad1 g6 18. Rd2 Nh5 19. Qd1 a4 20. a3 Qc5 21.
Rde2 Ng7 22. Qd2 f6 23. h4 Kf7 24. Re3 Nf5 25. Bxf5 exf5 26. Rxe8 Rxe8 27. Rxe8
Bxe8 28. Qe3 Qe7 29. Qxe7+ Kxe7 30. Kf1 Kd6 31. Ke2 Bd7 32. Kd3 b5 33. b4 h5
34. Nc2 Kc6 35. Kd4 Kd6 36. Ne1 Bc6 37. Ng2 Be8 38. Ne3 Bf7 39. f3 Be6 40. Kd3
Kc6 41. Ke2 Kd6 42. Kd1 Kc6 43. Kd2 Bc8 44. Ke1 Kd6 45. Kf2 Be6 46. Ke2 Kc6 47.
Nc2 Kd6 48. Ke3 Bc8 49. Nd4 Bd7 50. Kd3 Ke7 51. Ke3 Kd6 52. Kf2 Ke7 53. Nc2 Kd6
54. Ne3 Be6 55. Ke2 Ke7 1/2-1/2

[Event "NB II. Szechenyi csoport"]
[Site "Veszprem"]
[Date "2024.03.03"]
[Round "5.2"]
[White "Hegedus, Gyula"]
[Black "Vass, Viktor"]
[Result "1-0"]
[WhiteElo "2029"]
[BlackElo "2159"]
[PlyCount "85"]
[EventDate "2023.10.08"]
[EventType "team-tourn"]
[EventRounds "9"]
[EventCountry "HUN"]
[Source "chess.hu"]
[WhiteTeam "Ezust Huszar SE"]
[BlackTeam "Sentimento Ajka BSK "]
[WhiteTeamCountry "HUN"]
[BlackTeamCountry "HUN"]

1. e4 e5 2. Nf3 Nc6 3. Bb5 a6 4. Ba4 Nf6 5. d3 b5 6. Bb3 Be7 7. a4 Rb8 8. axb5
axb5 9. Nc3 O-O 10. Nd5 d6 11. Nxe7+ Qxe7 12. Bg5 h6 13. Bh4 g5 14. Bg3 Bg4 15.
h4 Nh5 16. hxg5 hxg5 17. c3 Qf6 18. Qd2 Ra8 19. Rc1 Na5 20. Bd1 Bxf3 21. gxf3
Nf4 22. Rg1 Ng6 23. Bh2 Qh8 24. Rg2 f6 25. b4 Nf4 26. Bxf4 Qh1+ 27. Ke2 Qxg2
28. Bg3 Nc6 29. Bb3+ Kg7 30. Be6 Ra3 31. Qb2 Rfa8 32. Qb1 Rxc3 33. Rxc3 Nd4+
34. Kd2 Qxf3 35. Rxc7+ Kh6 36. Bg4 Qg2 37. Bf5 Nxf5 38. exf5 Qd5 39. Rc2 g4 40.
Qd1 Ra3 41. Qe2 Kg5 42. Qe4 Qb3 43. f3 1-0

[Event "NB II. Szechenyi csoport"]
[Site "Veszprem"]
[Date "2024.03.03"]
[Round "5.3"]
[White "Kosztolanczi, Gyula"]
[Black "Domonkos, Daniel"]
[Result "1-0"]
[WhiteElo "2059"]
[BlackElo "1977"]
[PlyCount "71"]
[EventDate "2023.10.08"]
[EventType "team-tourn"]
[EventRounds "9"]
[EventCountry "HUN"]
[Source "chess.hu"]
[WhiteTeam "Sentimento Ajka BSK "]
[BlackTeam "Ezust Huszar SE"]
[WhiteTeamCountry "HUN"]
[BlackTeamCountry "HUN"]

1. e4 c5 2. Nf3 Nc6 3. d4 cxd4 4. Nxd4 g6 5. Nc3 Bg7 6. Be3 d6 7. Bc4 Nf6 8. h3
O-O 9. Bb3 Nxd4 10. Bxd4 Be6 11. O-O Bxb3 12. axb3 a6 13. f4 Nd7 14. Bxg7 Kxg7
15. Nd5 e6 16. Qd4+ f6 17. Ne3 Qb6 18. Rad1 Rfd8 19. Nc4 Qc5 20. Nxd6 Qxd4+ 21.
Rxd4 e5 22. fxe5 Nxe5 23. Rd5 b5 24. Rfd1 Rdb8 25. Rc5 Ra7 26. Kf2 Re7 27. Nc8
Rf7 28. Ke3 h5 29. Rd6 Ra8 30. Nb6 Re8 31. Nd5 f5 32. Nc7 Ree7 33. Ne6+ Kf6 34.
Nd8+ Kg7 35. Nxf7 Nxf7 36. Rxa6 1-0

[Event "NB II. Szechenyi csoport"]
[Site "Veszprem"]
[Date "2024.03.03"]
[Round "5.4"]
[White "Oltean, Gusztav"]
[Black "Pasti, Zsombor"]
[Result "0-1"]
[WhiteElo "2000"]
[BlackElo "2000"]
[PlyCount "54"]
[EventDate "2023.10.08"]
[EventType "team-tourn"]
[EventRounds "9"]
[EventCountry "HUN"]
[Source "chess.hu"]
[WhiteTeam "Ezust Huszar SE"]
[BlackTeam "Sentimento Ajka BSK "]
[WhiteTeamCountry "HUN"]
[BlackTeamCountry "HUN"]

1. e4 e5 2. Nf3 Nc6 3. Nc3 Nf6 4. d4 exd4 5. Nxd4 Bb4 6. Nxc6 bxc6 7. Bd3 O-O
8. O-O Re8 9. Qf3 h6 10. h3 d6 11. Ne2 Bb7 12. c3 Ba5 13. Ng3 c5 14. Re1 Rb8
15. Nf5 Bc8 16. Nxg7 Kxg7 17. Qg3+ Kh8 18. Bxh6 Rg8 19. Qf4 Bxh3 20. e5 Rxg2+
21. Kh1 Ng4 22. Re2 Qh4 23. Bg5 Qxg5 24. Qxg5 Nxf2+ 25. Rxf2 Rxg5 26. Rh2 Rh5
27. Rg1 Rxb2 0-1

[Event "NB II. Szechenyi csoport"]
[Site "Veszprem"]
[Date "2024.03.03"]
[Round "5.5"]
[White "Paksa, Rudolf"]
[Black "Szabo, Balazs"]
[Result "1/2-1/2"]
[WhiteElo "1971"]
[BlackElo "1944"]
[PlyCount "46"]
[EventDate "2023.10.08"]
[EventType "team-tourn"]
[EventRounds "9"]
[EventCountry "HUN"]
[Source "chess.hu"]
[WhiteTeam "Sentimento Ajka BSK "]
[BlackTeam "Ezust Huszar SE"]
[WhiteTeamCountry "HUN"]
[BlackTeamCountry "HUN"]

1. e4 e5 2. Nf3 Nc6 3. Bb5 a6 4. Ba4 Nf6 5. O-O Be7 6. Qe2 b5 7. Bb3 d6 8. c3
Na5 9. Bc2 c5 10. d4 Qc7 11. h3 O-O 12. d5 h6 13. b3 Nh7 14. g4 Ng5 15. Nxg5
Bxg5 16. f4 exf4 17. Bxf4 Bxf4 18. Rxf4 c4 19. b4 Nb7 20. a4 Bd7 21. a5 Rae8
22. Qf2 Nd8 23. Nd2 f6 1/2-1/2

[Event "NB II. Szechenyi csoport"]
[Site "Veszprem"]
[Date "2024.03.03"]
[Round "5.6"]
[White "Horvath, Rudolf"]
[Black "Gaal, Sandor"]
[Result "1-0"]
[WhiteElo "1942"]
[BlackElo "1989"]
[PlyCount "101"]
[EventDate "2023.10.08"]
[EventType "team-tourn"]
[EventRounds "9"]
[EventCountry "HUN"]
[Source "chess.hu"]
[WhiteTeam "Ezust Huszar SE"]
[BlackTeam "Sentimento Ajka BSK "]
[WhiteTeamCountry "HUN"]
[BlackTeamCountry "HUN"]

1. c4 g6 2. g3 Bg7 3. Bg2 d6 4. d4 Nc6 5. Nf3 Bg4 6. d5 Ne5 7. Qb3 Qc8 8. Nxe5
Bxe5 9. Nc3 Bg7 10. O-O Nf6 11. f3 Bd7 12. e4 c5 13. dxc6 bxc6 14. Be3 c5 15.
e5 dxe5 16. Qa3 O-O 17. Bxc5 Re8 18. Bxe7 Qxc4 19. Rfd1 Qe6 20. Bxf6 Bxf6 21.
Rd6 Qf5 22. g4 Qf4 23. Rxd7 e4 24. Ne2 Qe5 25. Qb3 Rf8 26. fxe4 Rab8 27. Rb7
Rxb7 28. Qxb7 Qc5+ 29. Kh1 Qc2 30. Rf1 Bxb2 31. Nf4 Be5 32. Qd5 Qc7 33. Qd2 Rb8
34. Nd5 Qc4 35. Rc1 Qa4 36. Qc2 Qa3 37. Rb1 Rd8 38. Qb3 Qa6 39. Bf1 Qa5 40.
Ne7+ Kg7 41. Nc6 Qc5 42. Nxd8 Qf2 43. Qh3 Qd4 44. Qd3 Qf2 45. Bg2 Qf4 46. Qh3
Qd2 47. Nb7 Qxa2 48. Qb3 Qe2 49. Nd8 f6 50. Qb7+ Kh6 51. Ne6 1-0

[Event "NB II. Szechenyi csoport"]
[Site "Veszprem"]
[Date "2024.03.03"]
[Round "5.7"]
[White "Babocs, Gyula"]
[Black "Major, Robert"]
[Result "1/2-1/2"]
[WhiteElo "1921"]
[BlackElo "1906"]
[PlyCount "83"]
[EventDate "2023.10.08"]
[EventType "team-tourn"]
[EventRounds "9"]
[EventCountry "HUN"]
[Source "chess.hu"]
[WhiteTeam "Sentimento Ajka BSK "]
[BlackTeam "Ezust Huszar SE"]
[WhiteTeamCountry "HUN"]
[BlackTeamCountry "HUN"]

1. e4 Nf6 2. e5 Nd5 3. Nc3 e6 4. Nxd5 exd5 5. d4 d6 6. Nf3 Bg4 7. Be2 Be7 8.
Bf4 c5 9. exd6 Bxd6 10. Bxd6 Qxd6 11. dxc5 Qxc5 12. c3 O-O 13. O-O Nc6 14. Qd2
Rfe8 15. Rfe1 Re6 16. Nd4 Rg6 17. Rad1 Rd8 18. Qf4 Bxe2 19. Rxe2 Nxd4 20. Qxd4
Qxd4 21. Rxd4 Re6 22. Kf1 Rde8 23. Rdd2 Kf8 24. f3 Rxe2 25. Rxe2 Re6 26. Rd2
Rd6 27. Ke2 Ke7 28. Kd3 Rh6 29. g3 Kd6 30. Re2 Re6 31. f4 Rxe2 32. Kxe2 Kc5 33.
Kd3 b5 34. b4+ Kc6 35. Kd4 Kd6 36. g4 f6 37. h4 g6 38. g5 f5 39. Ke3 Ke6 40.
Kd3 Kd7 41. Kc2 Kc6 42. Kd3 1/2-1/2

[Event "NB II. Szechenyi csoport"]
[Site "Veszprem"]
[Date "2024.03.03"]
[Round "5.8"]
[White "Szunyogh, Istvan"]
[Black "Lejer, Sandor"]
[Result "1-0"]
[WhiteElo "1867"]
[BlackElo "1916"]
[PlyCount "93"]
[EventDate "2023.10.08"]
[EventType "team-tourn"]
[EventRounds "9"]
[EventCountry "HUN"]
[Source "chess.hu"]
[WhiteTeam "Ezust Huszar SE"]
[BlackTeam "Sentimento Ajka BSK "]
[WhiteTeamCountry "HUN"]
[BlackTeamCountry "HUN"]

1. c4 Nf6 2. Nf3 d6 3. g3 b6 4. Bg2 Bb7 5. O-O e6 6. Nc3 Be7 7. b3 Ne4 8. Bb2
Nxc3 9. Bxc3 Bf6 10. Qc2 Bxc3 11. Qxc3 O-O 12. Rad1 Nd7 13. Rfe1 Bxf3 14. Bxf3
Rb8 15. d4 Qe7 16. Rd2 Rfd8 17. Bg2 c5 18. e3 h6 19. Red1 Nf6 20. Rd3 Qc7 21.
Qd2 Ne8 22. Qe2 b5 23. cxb5 Rxb5 24. Rc3 Qa5 25. Qc2 cxd4 26. Rxd4 d5 27. a4
Rbb8 28. e4 Qb6 29. Rd2 d4 30. Rc6 Qxb3 31. Qxb3 Rxb3 32. e5 Rb1+ 33. Bf1 f6
34. exf6 Nxf6 35. Rxe6 Kf7 36. Ra6 Rb7 37. Kg2 Ne4 38. Bc4+ Kf8 39. Rd3 Rb4 40.
Rf3+ Nf6 41. Bb5 Rxb5 42. axb5 d3 43. Ra1 Rd5 44. Kf1 Rxb5 45. Rxd3 a5 46. Rda3
Rb2 47. R3a2 1-0

[Event "NB II. Szechenyi csoport"]
[Site "Veszprem"]
[Date "2024.03.03"]
[Round "5.9"]
[White "Tanczos, Dezso"]
[Black "Matyi, Attila"]
[Result "1-0"]
[WhiteElo "1875"]
[BlackElo "1935"]
[PlyCount "101"]
[EventDate "2023.10.08"]
[EventType "team-tourn"]
[EventRounds "9"]
[EventCountry "HUN"]
[Source "chess.hu"]
[WhiteTeam "Sentimento Ajka BSK "]
[BlackTeam "Ezust Huszar SE"]
[WhiteTeamCountry "HUN"]
[BlackTeamCountry "HUN"]

1. e4 d6 2. d4 Nf6 3. Nc3 g6 4. Be3 c6 5. f3 b5 6. Qd2 Qa5 7. g4 Nbd7 8. h4 Nb6
9. b3 h5 10. g5 Nfd7 11. Bh3 Bg7 12. Nge2 O-O 13. O-O e5 14. d5 cxd5 15. Nxd5
Qxd2 16. Bxd2 Nxd5 17. exd5 Nb6 18. Bxc8 Raxc8 19. c3 Nxd5 20. Rac1 f6 21. Rfd1
Nb6 22. Kg2 f5 23. Be3 Rc6 24. Bxb6 Rxb6 25. Rd5 Kf7 26. c4 bxc4 27. Rxc4 Ke6
28. Ra5 Rf7 29. Nc3 Rfb7 30. Nd5 e4 31. fxe4 fxe4 32. Nxb6 axb6 33. Rxe4+ Be5
34. Rb5 Rc7 35. Rc4 Rb7 36. a4 d5 37. Rc6+ Kf5 38. Rxd5 Ke4 39. Rd1 Rf7 40.
Rxb6 Rc7 41. Rb4+ Kf5 42. Rc4 Rg7 43. Rf1+ Ke6 44. Re1 Kd5 45. Rd1+ Ke6 46.
Rc6+ Kf5 47. Kf3 Rb7 48. Rd3 Rb4 49. Rc4 Rb8 50. Re3 Bd6 51. Rd4 1-0

[Event "NB II. Szechenyi csoport"]
[Site "Veszprem"]
[Date "2024.03.03"]
[Round "5.10"]
[White "Lukacs, Imre"]
[Black "Soos, David"]
[Result "1/2-1/2"]
[WhiteElo "1817"]
[BlackElo "1902"]
[PlyCount "111"]
[EventDate "2023.10.08"]
[EventType "team-tourn"]
[EventRounds "9"]
[EventCountry "HUN"]
[Source "chess.hu"]
[WhiteTeam "Ezust Huszar SE"]
[BlackTeam "Sentimento Ajka BSK "]
[WhiteTeamCountry "HUN"]
[BlackTeamCountry "HUN"]

1. e4 c5 2. Nc3 d6 3. f4 Nf6 4. Nf3 e6 5. Bb5+ Nbd7 6. d3 a6 7. Bxd7+ Bxd7 8.
O-O Be7 9. Qe1 b5 10. Bd2 b4 11. Ne2 Qb6 12. Ng3 h5 13. f5 h4 14. fxe6 fxe6 15.
Ne2 h3 16. g3 Ng4 17. Nf4 Bf6 18. c3 a5 19. Kh1 Qc6 20. Ng6 Rh5 21. Nfh4 O-O-O
22. Qe2 Bxh4 23. Qxg4 Rf5 24. Qxh4 Rxf1+ 25. Rxf1 Qb5 26. c4 Qa4 27. Qf4 Kc7
28. Ra1 Qc2 29. Qe3 Qxb2 30. Qe1 Qd4 31. Qf1 a4 32. Rb1 Rb8 33. Qe2 b3 34. axb3
Rxb3 35. Ba5+ Kb7 36. Qd1 Ka6 37. Rxb3 axb3 38. Be1 Qb2 39. Bd2 Ba4 40. Qc1 Qd4
41. Qa3 b2 42. Qxa4+ Kb7 43. Qb5+ Ka8 44. Qc6+ Ka7 45. Qa4+ Kb7 46. Qc2 Qf6 47.
Nf4 g5 48. Bc3 Qf7 49. Qxb2+ Kc8 50. Nxh3 Qf1+ 51. Ng1 Qxd3 52. Kg2 Qxe4+ 53.
Nf3 g4 54. Qd2 Qxf3+ 55. Kg1 Kd7 56. Be5 1/2-1/2

[Event "NB II. Szechenyi csoport"]
[Site "Veszprem"]
[Date "2024.03.03"]
[Round "5.11"]
[White "Vincze, Otto"]
[Black "Pohl, Brigitta"]
[Result "1/2-1/2"]
[WhiteElo "1817"]
[BlackElo "1530"]
[PlyCount "36"]
[EventDate "2023.10.08"]
[EventType "team-tourn"]
[EventRounds "9"]
[EventCountry "HUN"]
[Source "chess.hu"]
[WhiteTeam "Sentimento Ajka BSK "]
[BlackTeam "Ezust Huszar SE"]
[WhiteTeamCountry "HUN"]
[BlackTeamCountry "HUN"]

1. e4 e5 2. Nf3 Nc6 3. Bc4 Bc5 4. c3 Nf6 5. d3 Na5 6. Nxe5 Nxc4 7. Nxc4 d5 8.
Ne3 Bxe3 9. Bxe3 dxe4 10. d4 Ng4 11. Qe2 Bf5 12. Nd2 O-O 13. h3 Nxe3 14. Qxe3
Re8 15. O-O-O Qd5 16. b3 Rad8 17. g4 Bg6 18. Rhe1 f5 1/2-1/2

[Event "NB II. Szechenyi csoport"]
[Site "Szombathely"]
[Date "2024.03.10"]
[Round "6.1"]
[White "Jonas, Zsolt"]
[Black "Joo, Gabor"]
[Result "1-0"]
[WhiteElo "2041"]
[BlackElo "1985"]
[PlyCount "69"]
[EventDate "2023.10.08"]
[EventType "team-tourn"]
[EventRounds "9"]
[EventCountry "HUN"]
[Source "chess.hu"]
[WhiteTeam "Ezust Huszar SE"]
[BlackTeam "Haladas VSE III."]
[WhiteTeamCountry "HUN"]
[BlackTeamCountry "HUN"]

1. e4 g6 2. d4 Bg7 3. c4 d6 4. Nc3 e6 5. Nf3 Ne7 6. Be3 O-O 7. Qd2 Nd7 8. Bh6
f5 9. Bxg7 Kxg7 10. O-O-O Nf6 11. e5 Ne4 12. Qc2 Nxc3 13. Qxc3 d5 14. h4 h6 15.
c5 c6 16. Be2 b6 17. Nd2 b5 18. Rdg1 Bd7 19. f3 a5 20. Bd3 Be8 21. Nf1 a4 22.
Ng3 Qa5 23. Qc2 b4 24. Qf2 Rb8 25. Ne2 Bf7 26. Qe3 Kh7 27. g4 Rg8 28. h5 gxh5
29. Ng3 Rg5 30. gxf5 Rbg8 31. f4 Rg4 32. fxe6+ Bg6 33. f5 Rxg3 34. fxg6+ R3xg6
35. Rxh5 1-0

[Event "NB II. Szechenyi csoport"]
[Site "Szombathely"]
[Date "2024.03.10"]
[Round "6.2"]
[White "Gaal, Ede"]
[Black "Domonkos, Daniel"]
[Result "1/2-1/2"]
[WhiteElo "2001"]
[BlackElo "1977"]
[PlyCount "64"]
[EventDate "2023.10.08"]
[EventType "team-tourn"]
[EventRounds "9"]
[EventCountry "HUN"]
[Source "chess.hu"]
[WhiteTeam "Haladas VSE III."]
[BlackTeam "Ezust Huszar SE"]
[WhiteTeamCountry "HUN"]
[BlackTeamCountry "HUN"]

1. e4 c5 2. Nf3 Nc6 3. Bb5 g6 4. O-O Bg7 5. Re1 a6 6. Bxc6 dxc6 7. h3 e5 8. d3
Qc7 9. a4 a5 10. Be3 b6 11. Qd2 Ne7 12. Na3 O-O 13. Bh6 f6 14. Nc4 Be6 15. Bxg7
Kxg7 16. Qc3 Bxc4 17. Qxc4 Qd6 18. Ra3 Rfb8 19. Qc3 Rc8 20. Nh2 b5 21. Ra2 Qd4
22. Qd2 b4 23. Ng4 Ng8 24. Ne3 Rd8 25. b3 Nh6 26. Nc4 Nf7 27. Raa1 Nd6 28. Nxd6
Rxd6 29. Rad1 Rf8 30. Qe3 Qc3 31. Qd2 Qd4 32. Qe3 Qc3 1/2-1/2

[Event "NB II. Szechenyi csoport"]
[Site "Szombathely"]
[Date "2024.03.10"]
[Round "6.3"]
[White "Domonkos, Andras"]
[Black "Gutmann, Alois"]
[Result "1/2-1/2"]
[WhiteElo "1976"]
[BlackElo "1990"]
[PlyCount "89"]
[EventDate "2023.10.08"]
[EventType "team-tourn"]
[EventRounds "9"]
[EventCountry "HUN"]
[Source "chess.hu"]
[WhiteTeam "Ezust Huszar SE"]
[BlackTeam "Haladas VSE III."]
[WhiteTeamCountry "HUN"]
[BlackTeamCountry "HUN"]

1. c4 b6 2. Nc3 e6 3. e4 c5 4. d3 Nc6 5. g3 Bb7 6. Bg2 Nd4 7. Nge2 Ne7 8. O-O
Nec6 9. Nb5 Nxe2+ 10. Qxe2 a6 11. Na3 Nd4 12. Qd1 Be7 13. Nc2 O-O 14. Nxd4 cxd4
15. Qg4 Kh8 16. Bf4 d6 17. h4 e5 18. Bd2 f5 19. exf5 Bxg2 20. Kxg2 Qc8 21. Qe4
Qxf5 22. Rae1 Rae8 23. Qxf5 Rxf5 24. f4 Ref8 25. fxe5 Rxf1 26. Rxf1 Rxf1 27.
Kxf1 dxe5 28. Ke2 Kg8 29. Kf3 Kf7 30. Ke4 Ke6 31. b4 h5 32. a3 Bd6 33. Bg5 a5
34. Bd2 a4 35. Be1 Bf8 36. Bd2 Be7 37. Bc1 Bd6 38. Bg5 Bf8 39. Bd2 Bd6 40. Be1
Be7 41. Bd2 Bd6 42. Bg5 Bf8 43. Bd2 Bd6 44. Be1 Be7 45. Bd2 1/2-1/2

[Event "NB II. Szechenyi csoport"]
[Site "Szombathely"]
[Date "2024.03.10"]
[Round "6.4"]
[White "Horvath, Reka"]
[Black "Major, Robert"]
[Result "1-0"]
[WhiteElo "2009"]
[BlackElo "1906"]
[PlyCount "81"]
[EventDate "2023.10.08"]
[EventType "team-tourn"]
[EventRounds "9"]
[EventCountry "HUN"]
[Source "chess.hu"]
[WhiteTeam "Haladas VSE III."]
[BlackTeam "Ezust Huszar SE"]
[WhiteTeamCountry "HUN"]
[BlackTeamCountry "HUN"]

1. Nf3 Nf6 2. g3 g6 3. Bg2 Bg7 4. O-O O-O 5. d4 d6 6. c4 Nbd7 7. Nc3 Re8 8. e4
e5 9. d5 b6 10. Qc2 a5 11. Bg5 h6 12. Bxf6 Bxf6 13. a3 Ba6 14. Nd2 Qe7 15. b4
axb4 16. axb4 Reb8 17. Ra2 Qd8 18. Rfa1 Bb7 19. Nb5 Rxa2 20. Rxa2 Nf8 21. Qd3
Be7 22. Ra7 Qc8 23. Nb1 Bd8 24. Qe3 Ra8 25. Qa3 Ba6 26. N1c3 Rxa7 27. Nxa7 Qb7
28. Nc6 Bxc4 29. Nxd8 Qc8 30. Nc6 Qg4 31. Qc1 Kg7 32. Nd1 Be2 33. Ne3 Qg5 34.
Qa3 Nd7 35. Qa7 Nf6 36. Qxc7 Ng4 37. Qe7 Qh5 38. Nxg4 Qxg4 39. Qxd6 Bb5 40.
Qxe5+ f6 41. Qa1 1-0

[Event "NB II. Szechenyi csoport"]
[Site "Szombathely"]
[Date "2024.03.10"]
[Round "6.5"]
[White "Szunyogh, Istvan"]
[Black "Barasits, Balint"]
[Result "1-0"]
[WhiteElo "1867"]
[BlackElo "1940"]
[PlyCount "97"]
[EventDate "2023.10.08"]
[EventType "team-tourn"]
[EventRounds "9"]
[EventCountry "HUN"]
[Source "chess.hu"]
[WhiteTeam "Ezust Huszar SE"]
[BlackTeam "Haladas VSE III."]
[WhiteTeamCountry "HUN"]
[BlackTeamCountry "HUN"]

1. c4 e5 2. Nc3 Nf6 3. Nf3 Nc6 4. g3 Bc5 5. e3 Bb4 6. Bg2 O-O 7. O-O d6 8. Nd5
Nxd5 9. cxd5 Ne7 10. d4 exd4 11. Nxd4 Bd7 12. Bd2 Bxd2 13. Qxd2 c6 14. dxc6
bxc6 15. Rac1 Rc8 16. Rfd1 Qb6 17. Nb3 d5 18. Qa5 Bf5 19. Rc5 Rfd8 20. Nd4 Bg6
21. Rdc1 Rd6 22. b4 h6 23. Bf1 Rb8 24. a3 Rb7 25. Ba6 Rb8 26. Be2 Rb7 27. h4 h5
28. Qxb6 Rxb6 29. Ra5 Rb7 30. Ra6 Rc7 31. b5 Bf5 32. Nxf5 Nxf5 33. Rcxc6 Rdxc6
34. Rxc6 Rb7 35. Rc5 Ne7 36. Bxh5 g6 37. Bd1 a6 38. a4 axb5 39. axb5 Kg7 40.
Bb3 Kf6 41. Bxd5 Nxd5 42. Rxd5 Ke6 43. Rc5 Kd6 44. Rg5 Ke6 45. h5 gxh5 46. Rxh5
f5 47. Kg2 Kf6 48. g4 Rg7 49. Rxf5+ 1-0

[Event "NB II. Szechenyi csoport"]
[Site "Szombathely"]
[Date "2024.03.10"]
[Round "6.6"]
[White "Toth, Tibor"]
[Black "Matyi, Attila"]
[Result "1/2-1/2"]
[WhiteElo "1969"]
[BlackElo "1935"]
[PlyCount "23"]
[EventDate "2023.10.08"]
[EventType "team-tourn"]
[EventRounds "9"]
[EventCountry "HUN"]
[Source "chess.hu"]
[WhiteTeam "Haladas VSE III."]
[BlackTeam "Ezust Huszar SE"]
[WhiteTeamCountry "HUN"]
[BlackTeamCountry "HUN"]

1. d4 Nf6 2. Nf3 g6 3. g3 Bg7 4. Bg2 O-O 5. O-O c6 6. c4 d6 7. Nc3 Nbd7 8. e4
e5 9. Re1 Qe7 10. Qc2 Ng4 11. dxe5 Ngxe5 12. Nxe5 1/2-1/2

[Event "NB II. Szechenyi csoport"]
[Site "Szombathely"]
[Date "2024.03.10"]
[Round "6.7"]
[White "Juhasz, Nagy Sandor"]
[Black "Szakolczai, Alex"]
[Result "1-0"]
[WhiteElo "1849"]
[BlackElo "1848"]
[PlyCount "113"]
[EventDate "2023.10.08"]
[EventType "team-tourn"]
[EventRounds "9"]
[EventCountry "HUN"]
[Source "chess.hu"]
[WhiteTeam "Ezust Huszar SE"]
[BlackTeam "Haladas VSE III."]
[WhiteTeamCountry "HUN"]
[BlackTeamCountry "HUN"]

1. d4 Nf6 2. c4 d6 3. Nc3 Nbd7 4. Nf3 g6 5. g3 e5 6. dxe5 dxe5 7. Bg2 Bg7 8. e4
O-O 9. O-O c6 10. b3 Re8 11. Ba3 Qa5 12. Qc1 b5 13. b4 Qb6 14. c5 Qc7 15. Bb2
a5 16. a3 Nf8 17. Nd2 Bh6 18. Rd1 Rd8 19. Qc2 Be6 20. Nb3 a4 21. Na5 N8d7 22.
Rd6 Ra6 23. Nxb5 Qb8 24. Qd3 cxb5 25. c6 Bf8 26. Rxe6 Nc5 27. Qxd8 Qxd8 28.
Rxe5 Nd3 29. Rd1 Be7 30. Rxe7 Qxe7 31. Rxd3 Ra8 32. e5 Ne8 33. Nb7 Rc8 34. Rd7
Qe6 35. Bd5 Qf5 36. Kg2 Rc7 37. Nd6 Rxd7 38. Nxf5 Rd8 39. Nd6 Nc7 40. Bxf7+ Kf8
41. Ba2 Ke7 42. Kf3 Ne8 43. Ke4 Nxd6+ 44. exd6+ Kxd6 45. Bd5 Re8+ 46. Kd4 Re2
47. Bc1 Re1 48. Bf4+ Ke7 49. Kc5 Kd8 50. Kxb5 Kc8 51. Kxa4 g5 52. Bd6 Re2 53.
Kb5 Re8 54. Bf3 h5 55. Bxh5 Re4 56. f3 Rd4 57. Kc5 1-0

[Event "NB II. Szechenyi csoport"]
[Site "Szombathely"]
[Date "2024.03.10"]
[Round "6.8"]
[White "Bardics, Marko"]
[Black "Lukacs, Imre"]
[Result "1-0"]
[WhiteElo "1862"]
[BlackElo "1817"]
[PlyCount "92"]
[EventDate "2023.10.08"]
[EventType "team-tourn"]
[EventRounds "9"]
[EventCountry "HUN"]
[Source "chess.hu"]
[WhiteTeam "Haladas VSE III."]
[BlackTeam "Ezust Huszar SE"]
[WhiteTeamCountry "HUN"]
[BlackTeamCountry "HUN"]

1. e4 c5 2. Nf3 e6 3. d4 cxd4 4. Nxd4 Nc6 5. Nxc6 bxc6 6. Bd3 d5 7. O-O Qc7 8.
Re1 Bd6 9. g3 Nf6 10. Nd2 O-O 11. c3 e5 12. Qc2 Bg4 13. b3 dxe4 14. Nxe4 Nxe4
15. Bxe4 f5 16. Bg2 Rae8 17. Bd2 f4 18. Be4 h6 19. f3 Qb6+ 20. Kg2 Be6 21. Rad1
Be7 22. Re2 Rf6 23. Be1 fxg3 24. hxg3 Rd8 25. Rxd8+ Bxd8 26. Bf2 Qc7 27. Rd2
Rf8 28. Bc5 Be7 29. Be3 Rd8 30. Rxd8+ Bxd8 31. Qd2 a6 32. Bc5 Bf6 33. c4 Bc8
34. Qd6 Qxd6 35. Bxd6 Bd7 36. Bg6 Be6 37. Be8 Bc8 38. Bxc6 Kf7 39. Kf2 Ke6 40.
Bc5 Be7 41. Bxe7 Kxe7 42. Be4 Kd6 43. b4 a5 44. a3 g5 45. c5+ Kc7 46. b5 h5 1-0

[Event "NB II. Szechenyi csoport"]
[Site "Szombathely"]
[Date "2024.03.10"]
[Round "6.9"]
[White "Geroly, Jozsef"]
[Black "Vilics, Hanna"]
[Result "1-0"]
[WhiteElo "1806"]
[BlackElo "1859"]
[PlyCount "63"]
[EventDate "2023.10.08"]
[EventType "team-tourn"]
[EventRounds "9"]
[EventCountry "HUN"]
[Source "chess.hu"]
[WhiteTeam "Ezust Huszar SE"]
[BlackTeam "Haladas VSE III."]
[WhiteTeamCountry "HUN"]
[BlackTeamCountry "HUN"]

1. Nf3 d5 2. g3 Nf6 3. Bg2 c5 4. d4 Nc6 5. O-O e6 6. a3 cxd4 7. Nxd4 Qb6 8.
Nxc6 bxc6 9. c4 Ba6 10. cxd5 cxd5 11. Nc3 Bd6 12. Qa4+ Nd7 13. Be3 Qb7 14. b4
Bc4 15. b5 Nb6 16. Qd1 O-O 17. Bd4 Nd7 18. f4 Bc5 19. Re1 Qc7 20. e4 Qb6 21.
Bxc5 Nxc5 22. Qd4 Qc7 23. exd5 Nb3 24. d6 Nxd4 25. dxc7 Rac8 26. Re4 Nb3 27.
Rxc4 Nxa1 28. Ne4 Nb3 29. Nd6 Na5 30. Nxc8 Rxc8 31. Ra4 Nb3 32. Rxa7 1-0

[Event "NB II. Szechenyi csoport"]
[Site "Szombathely"]
[Date "2024.03.10"]
[Round "6.10"]
[White "Hajdu, Istvan"]
[Black "Simai, Laszlo"]
[Result "1/2-1/2"]
[WhiteElo "1843"]
[BlackElo "1770"]
[PlyCount "82"]
[EventDate "2023.10.08"]
[EventType "team-tourn"]
[EventRounds "9"]
[EventCountry "HUN"]
[Source "chess.hu"]
[WhiteTeam "Haladas VSE III."]
[BlackTeam "Ezust Huszar SE"]
[WhiteTeamCountry "HUN"]
[BlackTeamCountry "HUN"]

1. e4 c5 2. Nf3 d6 3. b3 Nc6 4. Bb5 Bd7 5. Bb2 a6 6. Bxc6 Bxc6 7. d3 e6 8. O-O
Nf6 9. Nbd2 Be7 10. a4 O-O 11. Qe2 e5 12. Nc4 b5 13. axb5 axb5 14. Rxa8 Bxa8
15. Ne3 Re8 16. Nd2 Qb6 17. f4 Nd7 18. fxe5 dxe5 19. Qh5 Qg6 20. Qxg6 hxg6 21.
Nf3 f6 22. Kf2 Kf7 23. Ke2 Ke6 24. Ra1 Bc6 25. Ra6 Kd6 26. c4 b4 27. Nd5 Bd8
28. Bc1 f5 29. Ng5 Bxg5 30. Bxg5 Nb8 31. Rb6 Nd7 32. Be7+ Rxe7 33. Rxc6+ Kxc6
34. Nxe7+ Kd6 35. Nxg6 Ke6 36. Nh4 f4 37. Nf3 Kf6 38. g4 g5 39. Ng1 Nb8 40. h3
Nc6 41. Nf3 Na5 1/2-1/2